00660nam a22002415i 450000100090000000300050000900500170001400800410003101000170007202000180008903800120010704000230011904200080014208200170015010000220016724500660018926300090025526400600026430000130032433600260033733700280036333800270039119691417NUST20200917150405.0170602s2017 nyu 000 0 eng  a 2017944433 a9783319611570 aMSOHAIL aDLCbengerdacDLC apcc a910.285bBAJ1 aBajjali, William.10aArcgis for environmental and water issues /cWilliam Bajjali. a1707 1aNew York, NY :bSpringer Science+Business Media,c2017. apages cm atextbtxt2rdacontent aunmediatedbn2rdamedia avolumebnc2rdacarrier